[Event "Sachsen-ch U16 Girls"]
[Site "Sebnitz"]
[Date "2011.04.26"]
[Round "1"]
[White "Michel, Elisabeth"]
[Black "Muenzner, Rebecca"]
[Result "0-1"]
[WhiteElo "1105"]
[BlackElo "1307"]
[PlyCount "86"]
[EventDate "2011.04.26"]
[EventType "swiss"]
[EventRounds "6"]
[EventCountry "GER"]
[SourceTitle "EXT 2012"]
[Source "ChessBase"]
[SourceDate "2011.11.24"]
[SourceVersion "1"]
[SourceVersionDate "2011.11.24"]
[SourceQuality "1"]

1. e4 e6 2. d4 d5 3. exd5 exd5 4. Bd3 Nf6 5. Nc3 Bb4 6. Bg5 Bxc3+ 7. bxc3 h6 8. Bh4 0-0 9. Ne2 Qd6 10. Bg3 Qe7 11. 0-0 Bg4 12. f3 Be6 13. Qd2 c6 14. Rfe1 Qd7 15. Bf4 Bf5 16. Bxh6 gxh6 17. Qxh6 Bxd3 18. cxd3 Nh7 19. Ng3 f5 20. Re6 Kh8 21. Nh5 Na6 22. Nf6 Qg7 23. Nxh7 Qxh7 24. Qxh7+ Kxh7 25. Re7+ Kg6 26. Rxb7 Rf7 27. Rab1 Re8 28. Kf1 c5 29. h4 Ree7 30. Rxe7 Rxe7 31. dxc5 Nxc5 32. d4 Na4 33. Rc1 Rc7 34. c4 Rxc4 35. Rxc4 dxc4 36. Ke2 f4 37. Kd2 Kh5 38. d5 Nb6 39. d6 Kxh4 40. Kc3 Kg3 41. Kb4 Kxg2 42. Ka5 c3 43. Ka6 c2 0-1

[Event "GER-chT U14 Girls"]
[Site "Gross Doelln"]
[Date "2010.12.28"]
[Round "4.2"]
[White "Hoelzer, Jeanette"]
[Black "Muenzner, Rebecca"]
[Result "1-0"]
[WhiteElo "1286"]
[BlackElo "1187"]
[PlyCount "51"]
[EventDate "2010.12.27"]
[EventType "team-swiss"]
[EventRounds "7"]
[EventCountry "GER"]
[SourceTitle "CBM 140 Extra"]
[Source "ChessBase"]
[SourceDate "2011.03.01"]
[SourceVersion "1"]
[SourceVersionDate "2011.03.01"]
[SourceQuality "1"]
[WhiteTeam "Hamburg Diogenes"]
[BlackTeam "Chemnitz USG"]
[WhiteTeamCountry "GER"]
[BlackTeamCountry "GER"]

1. e4 e6 2. d4 d5 3. Nc3 Nf6 4. e5 Nfd7 5. f4 c5 6. Nf3 Nc6 7. Be3 cxd4 8. Nxd4 Nxd4 9. Bxd4 b6 10. h4 f6 11. Bb5 a6 12. Bc6 Rb8 13. exf6 gxf6 14. Qh5+ Ke7 15. Qe2 Kf7 16. f5 e5 17. Bxd5+ Ke7 18. 0-0-0 Bh6+ 19. Be3 Bxe3+ 20. Qxe3 Qf8 21. Ne4 Ke8 22. Bc6 Qe7 23. Rd2 Kf8 24. Qh6+ Kg8 25. Bxd7 Bxd7 26. Rxd7 1-0

[Event "GER-chT U14 Girls"]
[Site "Gross Doelln"]
[Date "2010.12.27"]
[Round "1.2"]
[White "Muenzner, Rebecca"]
[Black "Gadschisade, Natawan"]
[Result "0-1"]
[WhiteElo "1187"]
[BlackElo "1179"]
[PlyCount "32"]
[EventDate "2010.12.27"]
[EventType "team-swiss"]
[EventRounds "7"]
[EventCountry "GER"]
[SourceTitle "CBM 140 Extra"]
[Source "ChessBase"]
[SourceDate "2011.03.01"]
[SourceVersion "1"]
[SourceVersionDate "2011.03.01"]
[SourceQuality "1"]
[WhiteTeam "Chemnitz USG"]
[BlackTeam "Koeln Porz"]
[WhiteTeamCountry "GER"]
[BlackTeamCountry "GER"]

1. d4 d5 2. c4 c6 3. e3 Bf5 4. Nc3 Nf6 5. Nf3 e6 6. cxd5 exd5 7. Bd3 Bg6 8. 0-0 Bb4 9. Bc2 0-0 10. Bd2 Re8 11. Ne2 Bd6 12. Rc1 Ne4 13. Nc3 Bh5 14. Be1 Ng5 15. Bd3 Nxf3+ 16. gxf3 Qh4 0-1

[Event "Sachsen-ch U14 Girls"]
[Site "Sebnitz"]
[Date "2009.04.15"]
[Round "2"]
[White "Muenzner, Rebecca"]
[Black "Hauffen, Franziska"]
[Result "1/2-1/2"]
[WhiteElo "963"]
[BlackElo "1345"]
[PlyCount "71"]
[EventDate "2009.04.14"]
[EventType "swiss"]
[EventRounds "7"]
[EventCountry "GER"]
[SourceTitle "EXT 2010"]
[Source "ChessBase"]
[SourceDate "2010.11.25"]
[SourceVersion "1"]
[SourceVersionDate "2010.11.25"]
[SourceQuality "1"]

1. d4 Nf6 2. c4 g6 3. Nf3 Bg7 4. e3 d6 5. Bd3 0-0 6. 0-0 Nbd7 7. Nc3 e5 8. dxe5 Nxe5 9. Nxe5 dxe5 10. b3 Bd7 11. Rb1 Bc6 12. Be2 Re8 13. Bb2 Re7 14. Qxd8+ Rxd8 15. Rfd1 Red7 16. Rxd7 Rxd7 17. h3 Rd2 18. Ba3 Bf8 19. Rb2 Rd7 20. Bxf8 Kxf8 21. f3 e4 22. Kf2 Kg7 23. b4 b6 24. c5 exf3 25. gxf3 h5 26. b5 Bd5 27. Nxd5 Rxd5 28. cxb6 cxb6 29. a4 Nd7 30. Ra2 Rc5 31. a5 bxa5 32. Rxa5 Rc7 33. Ra6 Nb6 34. e4 Kh6 35. f4 f6 36. e5 1/2-1/2

[Event "Sachsen-ch U14 Girls"]
[Site "Sebnitz"]
[Date "2009.04.15"]
[Round "4"]
[White "Muenzner, Rebecca"]
[Black "Schmieder, Michelle"]
[Result "0-1"]
[WhiteElo "963"]
[BlackElo "1152"]
[PlyCount "72"]
[EventDate "2009.04.14"]
[EventType "swiss"]
[EventRounds "7"]
[EventCountry "GER"]
[SourceTitle "EXT 2010"]
[Source "ChessBase"]
[SourceDate "2010.11.25"]
[SourceVersion "1"]
[SourceVersionDate "2010.11.25"]
[SourceQuality "1"]

1. d4 d5 2. c4 c5 3. dxc5 e6 4. e3 Bxc5 5. cxd5 exd5 6. Nf3 Nf6 7. Be2 0-0 8. 0-0 Nc6 9. Nc3 Be6 10. b3 Qa5 11. Bb2 Rad8 12. Qc2 d4 13. exd4 Bxd4 14. Rfd1 Nb4 15. Qb1 Bf5 16. Qc1 Bc5 17. a3 Qb6 18. axb4 Bxf2+ 19. Kf1 Rc8 20. Qf4 Bc2 21. Rd2 Be3 22. Qg3 Bxd2 23. Nd5 Qe6 24. Bxf6 g6 25. Qh4 Qxd5 26. Qh6 Bxh6 27. Be7 Rfe8 28. Bf6 Qe6 29. Re1 Qxf6 30. h4 Re3 31. g4 Rxf3+ 32. Bxf3 Qxf3+ 33. Kg1 Be3+ 34. Rxe3 Qxe3+ 35. Kg2 Be4+ 36. Kf1 Rc1# 0-1

[Event "Sachsen-ch U14 Girls"]
[Site "Sebnitz"]
[Date "2009.04.15"]
[Round "3"]
[White "Puehrer, Anne"]
[Black "Muenzner, Rebecca"]
[Result "1-0"]
[WhiteElo "1391"]
[BlackElo "963"]
[PlyCount "131"]
[EventDate "2009.04.14"]
[EventType "swiss"]
[EventRounds "7"]
[EventCountry "GER"]
[SourceTitle "EXT 2010"]
[Source "ChessBase"]
[SourceDate "2010.11.25"]
[SourceVersion "1"]
[SourceVersionDate "2010.11.25"]
[SourceQuality "1"]

1. e4 d5 2. exd5 Qxd5 3. Nc3 Qd8 4. d4 Nc6 5. Bb5 Bd7 6. Nf3 Nf6 7. 0-0 e6 8. Re1 Bd6 9. d5 Ne7 10. dxe6 fxe6 11. Rxe6 a6 12. Bxd7+ Qxd7 13. Re1 0-0-0 14. Qe2 Rde8 15. Qe6 Qxe6 16. Rxe6 Rhg8 17. Ne4 Nxe4 18. Rxe4 Nf5 19. Rxe8+ Rxe8 20. Bd2 Kd7 21. Kf1 h6 22. Re1 Rf8 23. Bc3 g5 24. Be5 Bb4 25. Rd1+ Bd6 26. Bxd6 Nxd6 27. h4 gxh4 28. Nxh4 Ke6 29. Ng6 Rf6 30. Re1+ Kf7 31. Ne5+ Kg7 32. Ng4 Rf4 33. Ne3 c6 34. Rd1 Rf6 35. Ng4 Re6 36. b3 b5 37. Ne5 Ne4 38. Rd7+ Kf6 39. Ng4+ Kg5 40. Ne3 Rf6 41. Rg7+ Kf4 42. g3+ Kf3 43. Ng4 Nd2+ 44. Ke1 Rd6 45. Ne3 Nb1 46. Rf7+ Ke4 47. Rf4+ Ke5 48. Ng4+ Kd5 49. Rf6 Rxf6 50. Nxf6+ Kd4 51. f4 Ke3 52. Ng4+ Kf3 53. Nxh6 Kxg3 54. f5 Nc3 55. f6 Nxa2 56. f7 Nb4 57. f8Q Nxc2+ 58. Kd2 Nd4 59. Qd6+ Kf3 60. Qxd4 a5 61. Qe3+ Kg2 62. Ng4 a4 63. Ke2 a3 64. Qf3+ Kg1 65. Qf2+ Kh1 66. Qh2# 1-0